| Tag |
First Indicator |
Second Indicator |
Subfields |
| LEADER |
00000cam a2200000 a 4500 |
| 001 |
in00000018782 |
| 005 |
20151007054048.0 |
| 008 |
870616s1986 iau 00010 eng d |
| 020 |
|
|
|a 0931757177
|
| 020 |
|
|
|a 0931757185 (pbk.)
|
| 035 |
|
|
|a (OCoLC)15987897
|
| 035 |
|
|
|9 AAB3857AM
|
| 040 |
|
|
|a KFS
|c KFS
|d m/c
|d PIT
|d TXA
|d UtOrBLW
|
| 049 |
|
|
|a TXAM
|c [A11113910]
|
| 050 |
|
4 |
|a PS3507.I28
|b K55 1986
|
| 100 |
1 |
|
|a Dickey, William.
|
| 245 |
1 |
4 |
|a The king of the golden river /
|c by William Dickey.
|
| 264 |
|
1 |
|a Cumberland, Iowa :
|b The Pterodactyl Press,
|c [1986]
|
| 264 |
|
4 |
|c ©1986
|
| 300 |
|
|
|a 77 pages ;
|c 25 cm.
|
| 336 |
|
|
|a text
|b txt
|2 rdacontent
|
| 337 |
|
|
|a unmediated
|b n
|2 rdamedia
|
| 338 |
|
|
|a volume
|b nc
|2 rdacarrier
|
| 500 |
|
|
|a Poems.
|
| 500 |
|
|
|a Edition limited to 750 softcover and 200 hardcover copies; an additional 25 hardcover copies, numbered and signed by the author.
|
| 710 |
2 |
|
|a Pterodactyl Press (San Francisco, Calif.)
|
| 999 |
|
|
|a MARS
|
| 999 |
f |
f |
|s 5ba433a2-4024-39e5-b71c-b5fe4bc1d1f9
|i 01beee33-d216-31ba-ae9d-849cdcd390d6
|t 0
|
| 952 |
f |
f |
|p ric
|a Texas A&M University
|b Rellis Campus
|c Joint Library Facility
|d Remote Storage
|t 0
|e PS3507.I28 K55 1986
|h Library of Congress classification
|i unmediated -- volume
|m A14811113910
|
| 998 |
f |
f |
|a PS3507.I28 K55 1986
|t 0
|l Remote Storage
|